LEADER 01145nam0-2200313---450- 001 990009401500403321 005 20110720144727.0 035 $a000940150 035 $aFED01000940150 035 $a(Aleph)000940150FED01 035 $a000940150 100 $a20110720d1982----km-y0itay50------ba 101 0 $aita 102 $aIT 105 $af-------001yy 200 1 $aArchitettura e cultura religiosa a Sala tra 4. e 19. secolo$ecatalogo della Mostra sui beni culturali$eSala Consilina, luglio-settembre 1982$fa cura di Enrico Spinelli 210 $aSala Consilina$cBiblioteca comunale$d1982 215 $a39 p., 39 c. di tav.$d22 cm 225 1 $a<>beni culturali$iArchitettura$v2 300 $aIn testa al frontespizio: Comune di Sala Consilina, Assessorato ai beni culturali, Biblioteca comunale 610 0 $aArchitettura sacra$aSala Consilina$aSec. 4.-19. 702 1$aSpinelli,$bEnrico 801 0$aIT$bUNINA$gRICA$2UNIMARC 901 $aBK 912 $a990009401500403321 952 $a50.305$bs.i.$fDARST 959 $aDARST 996 $aArchitettura e cultura religiosa a Sala tra 4. e 19. secolo$9764976 997 $aUNINA